Estatísticas para Adivinhe os países da O.T.A.N.

Clique aqui para jogar o quiz

Estatísticas Gerais

  • Esse quiz foi jogado 76 vezes
  • A pontuação média é 29 de 31

Estatísticas das Respostas

RespostasSiglas% Correto
AlemanhaALE
98%
BélgicaBEL
98%
BulgáriaBUL
98%
Estados UnidosEUA
98%
AlbâniaALB
97%
DinamarcaDIN
97%
EslováquiaESL
97%
EspanhaESP
97%
FrançaFRA
97%
GréciaGRE
97%
HolandaHOL
97%
HungriaHUN
97%
ItáliaITA
97%
NoruegaNOR
97%
PolôniaPOL
97%
PortugalPOR
97%
RomêniaROM
97%
CanadáCAN
95%
CroáciaCRO
95%
EslovêniaESL
95%
EstôniaEST
95%
InglaterraING (RU/UK)
95%
LituâniaLIT
95%
LuxemburgoLUX
95%
TurquiaTUR
95%
EscóciaESC (RU/UK)
94%
LetôniaLET
94%
IslândiaISL
92%
País de GalesPDG (RU/UK)
83%
Irlanda do NorteIDN (RU/UK)
78%
TchecaTCH
60%

Distribuição das Pontuações

Percentil de Números Respondidos

Porcentagem de Pessoas com Cada Pontuação

Sua Pontuação Histórica

Você não jogou esse quiz